zpět

Detail výsledku týmu

The PUB Praha 6 , Praha

Datum a čas kvízu

42 Celkem bodů Celkový počet nahraných bodů na tomto kvízu bez doplňovacích otázek.
1. Pořadí na kvízu Konečné umístění týmu na tomto kvízu.

Zaznamenané odpovědi

# Otázka Odpověď Body Výsledky
1. Ve čtvrtek 23. 4. si Česko při... bez spěchu 1
2. Dva zkušení borci, 66letý Joha... traktory 0
3. Plaketu věnovanou které filmov... Otíkovi 1
4. Který unikátní předmět z Titan... záchranná vesta 0
5. Minulý týden se vyhlašovaly v... Aryna Sabalenka, Carlos Alcaraz 0
6. Vědci v minulosti několikrát t... D) kofein 1
7. Světová zdravotnická organizac... o Rumunsko 0
8. V červenci 2025 Senát schválil... 3 (2 a 4 za půl bodu) 0
9. Na které z fotografií se nachá... A) 1
10. Velení wehrmachtu si před začá... pervitin 1